[Event "RSA-chT U20A"]
[Site "Boksburg"]
[Date "2018.12.18"]
[Round "5.1"]
[White "Agulhas, Keegan"]
[Black "Van Staden, Christiaan"]
[Result "1-0"]
[WhiteElo "1960"]
[BlackElo "1476"]
[PlyCount "107"]
[EventDate "2018.12.16"]
[EventType "team-tourn"]
[EventRounds "7"]
[EventCountry "RSA"]
[SourceTitle "EXT 2020"]
[Source "ChessBase"]
[SourceDate "2019.10.17"]
[SourceVersion "1"]
[SourceVersionDate "2019.10.17"]
[SourceQuality "1"]
[WhiteTeam "Western Province U20"]
[BlackTeam "Capricorn U20"]
[WhiteTeamCountry "RSA"]
[BlackTeamCountry "RSA"]

1. e4 e5 2. Nf3 Nc6 3. Bb5 a6 4. Ba4 Nf6 5. Qe2 b5 6. Bb3 d6 7. c3 Be7 8. 0-0 0-0 9. Rd1 Be6 10. d4 Bxb3 11. axb3 Nd7 12. Na3 Qb8 13. Nc2 Bf6 14. d5 Ne7 15. b4 Nb6 16. Ne3 g6 17. Qd3 Bg7 18. h4 f5 19. Ng5 fxe4 20. Nxe4 Bh6 21. Ng5 Bxg5 22. hxg5 Nf5 23. Ng4 Nd7 24. Qe4 Qb6 25. Ra5 Rf7 26. Be3 Qb7 27. Rda1 Nb6 28. Bxb6 cxb6 29. R5a2 Rc7 30. Qd3 Rc4 31. Nf6+ Kh8 32. Ne4 Rxe4 33. Qxe4 Ne7 34. b3 Qxd5 35. Qxd5 Nxd5 36. Rxa6 Rxa6 37. Rxa6 Nxc3 38. Rxb6 d5 39. Kf1 d4 40. f3 d3 41. Rd6 Na2 42. Rxd3 Nxb4 43. Rd7 Nc6 44. Rb7 Nd4 45. b4 Kg8 46. Kf2 Kh8 47. g3 Kg8 48. Rc7 Kh8 49. Ke3 Nf5+ 50. Ke4 Nxg3+ 51. Kxe5 Ne2 52. Kf6 h6 53. Kxg6 Nf4+ 54. Kxh6 1-0

[Event "RSA-chT U20A"]
[Site "Boksburg"]
[Date "2018.12.16"]
[Round "2.1"]
[White "Masiya, Mfundo"]
[Black "Van Staden, Christiaan"]
[Result "1-0"]
[WhiteElo "1977"]
[BlackElo "1476"]
[PlyCount "85"]
[EventDate "2018.12.16"]
[EventType "team-tourn"]
[EventRounds "7"]
[EventCountry "RSA"]
[SourceTitle "EXT 2020"]
[Source "ChessBase"]
[SourceDate "2019.10.17"]
[SourceVersion "1"]
[SourceVersionDate "2019.10.17"]
[SourceQuality "1"]
[WhiteTeam "Tshwane U20"]
[BlackTeam "Capricorn U20"]
[WhiteTeamCountry "RSA"]
[BlackTeamCountry "RSA"]

1. e4 e5 2. Nf3 Nc6 3. d4 exd4 4. Nxd4 Nxd4 5. Qxd4 Qf6 6. e5 Qb6 7. Qxb6 axb6 8. Nc3 Bb4 9. Bd2 c6 10. Ne4 Bxd2+ 11. Kxd2 Ke7 12. Bc4 Nh6 13. f4 b5 14. Bb3 Nf5 15. c3 d5 16. Ng5 h6 17. Nf3 g6 18. Rhg1 h5 19. g3 Ng7 20. a3 Ne6 21. Bc2 Ng7 22. Nd4 Bf5 23. Nxf5+ Nxf5 24. h3 Rh7 25. Ke2 Rhh8 26. Kf3 Ng7 27. Rh1 Ne6 28. Ke3 Ng7 29. g4 hxg4 30. hxg4 Ke6 31. Raf1 Rae8 32. Kd4 b6 33. f5+ gxf5 34. gxf5+ Kd7 35. Rfg1 Rxh1 36. Rxh1 Rg8 37. Rh7 Ke8 38. Rh6 Kd7 39. Rd6+ Kc7 40. Rf6 Kd8 41. Rxc6 Ne8 42. Rxb6 Nc7 43. Rb8+ 1-0

[Event "RSA-chT U20A"]
[Site "Boksburg"]
[Date "2018.12.16"]
[Round "1.1"]
[White "Van Staden, Christiaan"]
[Black "Ngcongo, Minenhle"]
[Result "0-1"]
[WhiteElo "1476"]
[BlackElo "1650"]
[PlyCount "82"]
[EventDate "2018.12.16"]
[EventType "team-tourn"]
[EventRounds "7"]
[EventCountry "RSA"]
[SourceTitle "EXT 2020"]
[Source "ChessBase"]
[SourceDate "2019.10.17"]
[SourceVersion "1"]
[SourceVersionDate "2019.10.17"]
[SourceQuality "1"]
[WhiteTeam "Capricorn U20"]
[BlackTeam "Ethekwini U20"]
[WhiteTeamCountry "RSA"]
[BlackTeamCountry "RSA"]

1. d4 Nf6 2. Nc3 d5 3. Bg5 e6 4. Qd3 Nbd7 5. e4 dxe4 6. Nxe4 Be7 7. Nxf6+ Nxf6 8. Nf3 0-0 9. c3 b6 10. Qc2 Bb7 11. Bd3 h6 12. Be3 Nd5 13. Bd2 c5 14. 0-0 cxd4 15. Nxd4 Rc8 16. Qd1 Bd6 17. Nb5 Bb8 18. Be4 Qh4 19. f4 Qe7 20. Nd4 Qc5 21. Bxd5 Qxd5 22. Qg4 f5 23. Qe2 Rf6 24. Nf3 Rg6 25. Be3 e5 26. fxe5 Bxe5 27. Rf2 f4 28. Bd4 Bxd4 29. Nxd4 Rf8 30. Nf3 Re6 31. Qc2 Rfe8 32. Rd1 Qh5 33. Rdf1 Ba6 34. c4 Qc5 35. b3 Re2 36. Qd3 Bb7 37. b4 Qe3 38. Qd1 Rxa2 39. Qd4 Rxf2 40. Rxf2 Bxf3 41. Qxe3 fxe3 0-1

[Event "RSA-ch U18"]
[Site "Bloemfontein"]
[Date "2016.03.24"]
[Round "9"]
[White "Van Staden, Christiaan"]
[Black "Minnaar, Hanjo"]
[Result "1-0"]
[WhiteElo "1435"]
[BlackElo "1263"]
[PlyCount "49"]
[EventDate "2016.03.20"]
[EventType "swiss"]
[EventRounds "11"]
[EventCountry "RSA"]
[SourceTitle "CBM 171 Extra"]
[Source "ChessBase"]
[SourceDate "2016.04.26"]
[SourceVersion "1"]
[SourceVersionDate "2016.04.26"]
[SourceQuality "1"]

1. d4 d5 2. Nc3 e6 3. Nf3 c5 4. e3 a6 5. b3 Nc6 6. Bb2 Nf6 7. Bd3 Bd7 8. 0-0 Bd6 9. Re1 0-0 10. Ne2 Qc7 11. dxc5 Bxc5 12. Ned4 Na5 13. Bc3 e5 14. Bxa5 Qxa5 15. Nxe5 Qc3 16. Nxd7 Nxd7 17. Ne2 Qe5 18. Ng3 Nf6 19. Qf3 Bb4 20. Rad1 Rfe8 21. c4 dxc4 22. Bxc4 b5 23. Bd3 Rad8 24. Qb7 Rxd3 25. Rxd3 1-0

[Event "RSA-ch U18"]
[Site "Bloemfontein"]
[Date "2016.03.23"]
[Round "7"]
[White "Balmakhun, Yashkar"]
[Black "Van Staden, Christiaan"]
[Result "1/2-1/2"]
[WhiteElo "1640"]
[BlackElo "1435"]
[PlyCount "61"]
[EventDate "2016.03.20"]
[EventType "swiss"]
[EventRounds "11"]
[EventCountry "RSA"]
[SourceTitle "CBM 171 Extra"]
[Source "ChessBase"]
[SourceDate "2016.04.26"]
[SourceVersion "1"]
[SourceVersionDate "2016.04.26"]
[SourceQuality "1"]

1. c4 Nf6 2. g3 d5 3. Bg2 c6 4. Nf3 Nbd7 5. 0-0 g6 6. d3 Bg7 7. Nc3 0-0 8. Qc2 Nb6 9. b3 Bf5 10. Nd1 Bg4 11. Bb2 Rc8 12. Ne3 Bxf3 13. Bxf3 d4 14. Ng2 e5 15. Rad1 Qc7 16. e4 Nbd7 17. Be2 Ne8 18. f4 Nd6 19. c5 Ne8 20. f5 Qa5 21. Bg4 Nef6 22. Be2 Nxc5 23. Bc1 Ncd7 24. g4 h6 25. h4 Nh7 26. Bd2 Qd8 27. Qc1 g5 28. hxg5 Nxg5 29. Kf2 b5 30. Rh1 Qf6 31. Rh5 1/2-1/2

[Event "RSA-ch U18"]
[Site "Bloemfontein"]
[Date "2016.03.22"]
[Round "5"]
[White "Van Staden, Christiaan"]
[Black "Podmore, Duncan"]
[Result "0-1"]
[WhiteElo "1435"]
[BlackElo "1701"]
[PlyCount "53"]
[EventDate "2016.03.20"]
[EventType "swiss"]
[EventRounds "11"]
[EventCountry "RSA"]
[SourceTitle "CBM 171 Extra"]
[Source "ChessBase"]
[SourceDate "2016.04.26"]
[SourceVersion "1"]
[SourceVersionDate "2016.04.26"]
[SourceQuality "1"]

1. d4 Nf6 2. Nc3 g6 3. Bg5 Bg7 4. e4 d6 5. e5 dxe5 6. dxe5 Qxd1+ 7. Rxd1 Nfd7 8. f4 c6 9. Bc4 Nc5 10. b4 Ne6 11. Nf3 h6 12. Bxe6 Bxe6 13. Bh4 Na6 14. a3 Nc7 15. 0-0 Nd5 16. Nxd5 Bxd5 17. Nd2 g5 18. Bg3 gxf4 19. Bxf4 0-0-0 20. c4 Be6 21. a4 Rd3 22. Rc1 Rhd8 23. b5 Rxd2 24. Bxd2 Rxd2 25. a5 Bxe5 26. bxc6 bxc6 27. a6 0-1

[Event "RSA-ch U18"]
[Site "Bloemfontein"]
[Date "2016.03.21"]
[Round "2"]
[White "Marais, Franco"]
[Black "Van Staden, Christiaan"]
[Result "1-0"]
[WhiteElo "1815"]
[BlackElo "1435"]
[PlyCount "93"]
[EventDate "2016.03.20"]
[EventType "swiss"]
[EventRounds "11"]
[EventCountry "RSA"]
[SourceTitle "CBM 171 Extra"]
[Source "ChessBase"]
[SourceDate "2016.04.26"]
[SourceVersion "1"]
[SourceVersionDate "2016.04.26"]
[SourceQuality "1"]

1. d4 Nf6 2. c4 g6 3. Nc3 d5 4. e3 Bg7 5. Nf3 0-0 6. Bd3 b6 7. 0-0 Bb7 8. Bd2 Nbd7 9. cxd5 Nxd5 10. e4 Nxc3 11. bxc3 c5 12. d5 Rc8 13. Qe2 Qc7 14. Bc4 Ra8 15. Rab1 Ne5 16. Nxe5 Bxe5 17. f4 Bg7 18. g4 Bc8 19. f5 Qe5 20. Rf3 Qd6 21. Kh1 a6 22. Bf4 Qd8 23. a4 Bd7 24. Qc2 b5 25. axb5 axb5 26. Bxb5 Bxb5 27. Rxb5 Ra1+ 28. Kg2 Qa8 29. Rb2 Qa5 30. g5 c4 31. f6 exf6 32. gxf6 Bh8 33. Qf2 Bxf6 34. Bd6 Bxc3 35. Rc2 Be1 36. Qd4 Qa4 37. Rxc4 Qa2+ 38. Kh3 Qe2 39. Qf6 Bh4 40. Kxh4 Qxc4 41. Bxf8 Qxe4+ 42. Kh3 Qxf3+ 43. Qxf3 Kxf8 44. d6 Ra7 45. Qc6 Ra3+ 46. Kh4 Rd3 47. d7 1-0

[Event "RSA-chT U18"]
[Site "Cape Town"]
[Date "2016.01.05"]
[Round "3.1"]
[White "Modi, Sachin"]
[Black "Van Staden, Christiaan"]
[Result "1/2-1/2"]
[WhiteElo "1757"]
[BlackElo "1390"]
[PlyCount "38"]
[EventDate "2016.01.04"]
[EventType "team-tourn"]
[EventRounds "7"]
[EventCountry "RSA"]
[SourceTitle "CBM 170 Extra"]
[Source "ChessBase"]
[SourceDate "2016.02.25"]
[SourceVersion "1"]
[SourceVersionDate "2016.02.25"]
[SourceQuality "1"]
[WhiteTeam "Johannesburg Metro"]
[BlackTeam "Capricorn"]
[WhiteTeamCountry "RSA"]
[BlackTeamCountry "RSA"]

1. e4 e5 2. Nf3 Nc6 3. Bb5 a6 4. Ba4 b5 5. Bb3 d6 6. c3 Na5 7. Bc2 c5 8. d4 exd4 9. cxd4 c4 10. Bd2 g6 11. Nc3 Bg7 12. 0-0 Ne7 13. d5 Nb7 14. Be3 Bd7 15. Bd4 0-0 16. Ne2 Bg4 17. Bxg7 Kxg7 18. Ned4 Nc5 19. Qd2 Qb6 1/2-1/2